| 000 | 00397nam a2200121Ia 4500 | ||
|---|---|---|---|
| 008 | 220204s9999 xx 000 0 und d | ||
| 082 |
_a330.101.541 _bDEE |
||
| 100 | _aDeepak Lal, D K | ||
| 245 | 0 | _aFrom closed to open economy macroeconomics: The real exchange rate and capital inflows, India 1981-1994 (Working paper No. 51) | |
| 260 |
_aNew Delhi _bNCAER _c1994 |
||
| 700 | _aJoshi | ||
| 942 | _cBK | ||
| 999 |
_c40810 _d40810 |
||